| 000 | 00538nam a22002057a 4500 | ||
|---|---|---|---|
| 003 | BD-ChCU | ||
| 005 | 20260512115354.0 | ||
| 008 | 260512b ny ||||| |||| 00| 0 eng d | ||
| 020 | _a9780323873956 | ||
| 040 | _cBD-ChCU | ||
| 082 |
_223 _a615.1 R196 |
||
| 100 |
_aRitter,James M. _922832 |
||
| 245 |
_aRang and dates pharmacology / _cJames M Ritter...(et.al.). |
||
| 250 | _a10ed. | ||
| 260 |
_aNew York : _bElsevier, _c2024 |
||
| 300 | _a850 P. : | ||
| 504 | _aIncludes. | ||
| 650 | 0 |
_aPharmacology. _922833 |
|
| 942 |
_2ddc _cBK _n0 |
||
| 999 |
_c112902 _d112902 |
||